000
00215 a2200097 4500
001
23155
100
_a
Aghnides, N P
245
_a
Mohammedan Theories of Finance
260
_a
_b
Premier Bk
_c
090
_c
15695
_d
15695
942
_a
NUST-CAE
_c
M
_c
6330
999
_c
258228
_d
258228